München - Quiz - Statistiken

Allgemein
  • Dieses Quiz wurde 1.194 mal gespielt
  • Das Durchschnittsergebnis liegt bei 16 aus 24
Antwortstatistiken
Hinweis Antwort % Korrekt
Welche beiden Fußballvereine tragen das Münchner Stadtderby aus? FC Bayern
95%
Wichtigster Fluss Isar
94%
Welcher große Automobilhersteller hat seinen Sitz in München? BMW
89%
Sechs Brauereien sind derzeit befugt, Münchner Bier herzustellen. Nennen Sie eine davon. Augustiner, Hacker, Hofbräu, Löwenbräu, Paulaner, Spaten
87%
Auf welcher Wiese findet seit 1810 alljährlich das Oktoberfest statt? {Theresien}wiese
84%
Zentraler Platz der Innenstadt Marienplatz
83%
Welche beiden Fußballvereine tragen das Münchner Stadtderby aus? TSV 1860
83%
Grünanlage, welche zu den größten Parkanlagen der Welt zählt {Englischer} Garten
82%
Fußballspieler mit Spitznamen Kaiser Franz Beckenbauer
77%
In welchem Jahr fand die Geiselnahme israelischer Olympioniken statt? 1972
74%
Name Münchens auf Bairisch Minga
72%
Inoffizieller Name des Karlsplatzes Stachus
70%
Studentische Widerstandsgruppe gegen das NS-Regime, bekannt durch die Geschwister Scholl Weiße Rose
68%
Der Flughafen ist nach welchem ehemaligen Ministerpräsidenten benannt? Franz Josef Strauß
66%
1857 erfundene Delikatesse und Spezialität (Hinweis: Fleischprodukt) Weißwurst
65%
Erfolgloser Staatsstreich Adolf Hitlers, 1923 Hitler{putsch}
62%
Name dreier Kunstmuseen: Alte _____ , neue _____ und _____ der Moderne Pinakothek
61%
Diese Band schrieb 1981 einen Hit über einen Skandal im Münchner Sperrbezirk Spider Murphy Gang
54%
Dieser Bauherr des Schlosses Neuschwanstein ist als Märchenkönig in die Geschichte eingegangen Ludwig II.
51%
Dieses barocke Schloss diente als Sommersitz der bayerischen Könige Nymphenburg
47%
Welche Autobahn dient als Münchner Autobahnring? A 99
46%
Name der Münchner Messestadt Riem
38%
Diese beiden Plätze werden durch zwei Einkaufsmeilen verbunden. Nennen Sie eine davon. Kaufingerstraße,Neuhauser Straße
30%
In welchem Gebäude tagt der Bayerische Landtag? Maximilianeum
28%
Keine übereinstimmenden Quizze gefunden
Verteilung der Resultate
Anzahl Personen mit jedem Resultat
Perzentil nach korrekt beantworteten Fragen
Ihre Resultats-Entwicklung
Sie haben dieses Quiz noch nicht gespielt